| Поле | Инд. | ПП | Название | Значение |
|---|---|---|---|---|
| Тип записи | a | |||
| Библиографический уровень | b | |||
| 001 | Контрольный номер | 64b1df3c2a80429583957905a7ece488 | ||
| 005 | Дата корректировки | 20250109161103.6 | ||
| 080 | a | Индекс УДК | 378:811 | |
| 097 | b | Оператор | *Плё* | |
| 100 | 1_ | a | Автор | Сизова В.В. |
| 245 | 10 | a | Заглавие | Учебная мотивация и готовность студентов технического вуза к изучению языковых и речевых дисциплин |
| p | Название части/ раздела | Текст : электронный | ||
| b | Продолж. заглавия | статья | ||
| 260 | a | Место издания | Тверь | |
| b | Издательство | ТвГТУ | ||
| c | Дата издания | 2024 | ||
| 520 | 0_ | a | Аннотация | Приведены данные исследования об уровне мотивированности студентов технического вуза к изучению языковых и речевых дисциплин. Проанализированы интересы, мотивы, ценностные ориентации студентов, касающиеся изучения указанных дисциплин. Выявлено, что по таким гуманитарным предметам, как «Речевая и деловая коммуникация» и «Иностранный язык» студенты младших курсов недостаточно подготовлены, поэтому им трудно осуществлять самостоятельную когнитивную деятельность. Описан практический опыт проведения преподавателями Тверского государственного технического университета конференции, направленной на улучшение мотивации обучающихся к изучению вышеназванных предметов. |
| 653 | 0_ | a | Ключевые слова | Учебная мотивация |
| a | Ключевые слова | Языковые дисциплины | ||
| a | Ключевые слова | Речевые дисциплины | ||
| a | Ключевые слова | Иностранный язык | ||
| a | Ключевые слова | Речевая коммуникация | ||
| a | Ключевые слова | Деловая коммуникация | ||
| a | Ключевые слова | Технический вуз | ||
| a | Ключевые слова | Студенты | ||
| 700 | 12 | a | Другие авторы | Иванова Т.А. |
| 773 | 18 | w | Контрольный № источника | c4e9939318e24bb2b11a4700379ef408 |
| t | Название источника | Обучение иностранцев в вузе и на этапе довузовской подготовки: тенденции и инновации | ||
| d | Место и дата издания | Тверь : ТвГТУ, 2024 | ||
| z | ISBN | 978-5-7995-1354-2 | ||
| g | Прочая информация | С. 73-78 | ||
| 900 | a | Имя макрообъекта | 001-000161795-000000000-0000-0000-01 | |
| 901 | t | Тип документа | a | |
| 950 | a | Редактор записи | вш | |
| 951 | i | EL-ТГТУ? | да |